MARC details
| 000 -LEADER |
| fixed length control field |
02064cam a2200433 a 4500 |
| 001 - CONTROL NUMBER |
| control field |
2006287663 |
| 003 - CONTROL NUMBER IDENTIFIER |
| control field |
DLC |
| 005 - DATE AND TIME OF LATEST TRANSACTION |
| control field |
20250606113538.0 |
| 008 - FIXED-LENGTH DATA ELEMENTS--GENERAL INFORMATION |
| fixed length control field |
061222s2006 caua d b 000 0 eng d |
| 010 ## - LIBRARY OF CONGRESS CONTROL NUMBER |
| LC control number |
2006287663 |
| 020 ## - INTERNATIONAL STANDARD BOOK NUMBER |
| International Standard Book Number |
1580051871 (pbk.) |
| 020 ## - INTERNATIONAL STANDARD BOOK NUMBER |
| International Standard Book Number |
9781580051873 (pbk.) |
| 035 ## - SYSTEM CONTROL NUMBER |
| System control number |
(OCoLC)71753922 |
| 035 ## - SYSTEM CONTROL NUMBER |
| System control number |
(OCoLC)71753922 |
| 040 ## - CATALOGING SOURCE |
| Original cataloging agency |
KRL |
| Transcribing agency |
KRL |
| Modifying agency |
BAKER |
| -- |
MR0 |
| -- |
DLC |
| -- |
TnLvILS |
| Description conventions |
rda |
| 042 ## - AUTHENTICATION CODE |
| Authentication code |
lccopycat |
| 043 ## - GEOGRAPHIC AREA CODE |
| Geographic area code |
n-us--- |
| 050 00 - LIBRARY OF CONGRESS CALL NUMBER |
| Classification number |
HQ801.83 |
| Item number |
.L48 2006 |
| 092 ## - LOCALLY ASSIGNED DEWEY CALL NUMBER (OCLC) |
| Classification number |
junior nonfiction |
| Item number |
J 306.73 Levy |
| 100 1# - MAIN ENTRY--PERSONAL NAME |
| Personal name |
Levy, Barrie. |
| 9 (RLIN) |
21193 |
| 245 10 - TITLE STATEMENT |
| Title |
In love and in danger : |
| Remainder of title |
a teen's guide to breaking free of abusive relationships / |
| Statement of responsibility, etc |
Barrie Levy. |
| 246 14 - VARYING FORM OF TITLE |
| Title proper/short title |
In love & in danger |
| 260 ## - PUBLICATION, DISTRIBUTION, ETC. (IMPRINT) |
| Place of publication, distribution, etc |
Emeryville, CA : |
| Name of publisher, distributor, etc |
Seal Press, |
| Date of publication, distribution, etc |
c2006. |
| 264 ## - Production, Publication, Distribution, Manufacture, and Copyright Notice. |
| Place of production, publication, distribution, manufacture |
Emeryville, CA : |
| Name of producer, publisher, distributor, manufacturer |
Seal Press, |
| Date of production, publication, distribution, manufacture, or copyr |
2006. |
| 300 ## - PHYSICAL DESCRIPTION |
| Extent |
132 p. : |
| Other physical details |
ill. ; |
| Dimensions |
21 cm. |
| 504 ## - BIBLIOGRAPHY, ETC. NOTE |
| Bibliography, etc |
Includes bibliographical references. |
| 520 ## - SUMMARY, ETC. |
| Summary, etc |
Describes the experiences of teens who have had abusive dating relationships and gives advice on how to end the cycle of abuse and forge healthy and loving, violence-free relationships. This accessible book shows teens how to identify abusive relationships -- emotional, physical, and sexual -- and how to leave them. The author provides facts about dating violence, the differences between healthy and addictive love, resources for help, and more. |
| 650 #0 - SUBJECT ADDED ENTRY--TOPICAL TERM |
| Topical term or geographic name as entry element |
Dating violence |
| Geographic subdivision |
United States |
| General subdivision |
Prevention. |
| 9 (RLIN) |
6542292 |
| 650 #0 - SUBJECT ADDED ENTRY--TOPICAL TERM |
| Topical term or geographic name as entry element |
Abusive men |
| Geographic subdivision |
United States. |
| 9 (RLIN) |
5707608 |
| 650 #0 - SUBJECT ADDED ENTRY--TOPICAL TERM |
| Topical term or geographic name as entry element |
Abusive women |
| Geographic subdivision |
United States. |
| 9 (RLIN) |
6542293 |
| 650 #0 - SUBJECT ADDED ENTRY--TOPICAL TERM |
| Topical term or geographic name as entry element |
Acquaintance rape |
| Geographic subdivision |
United States. |
| 9 (RLIN) |
6542294 |
| 650 #0 - SUBJECT ADDED ENTRY--TOPICAL TERM |
| Topical term or geographic name as entry element |
Date rape |
| Geographic subdivision |
United States. |
| 9 (RLIN) |
6542295 |
| 650 #0 - SUBJECT ADDED ENTRY--TOPICAL TERM |
| Topical term or geographic name as entry element |
Victims of dating violence |
| Geographic subdivision |
United States. |
| 9 (RLIN) |
6542296 |
| 650 #0 - SUBJECT ADDED ENTRY--TOPICAL TERM |
| Topical term or geographic name as entry element |
Teenage girls |
| General subdivision |
Abuse of |
| Geographic subdivision |
United States. |
| 9 (RLIN) |
6542297 |
| 650 #1 - SUBJECT ADDED ENTRY--TOPICAL TERM |
| Topical term or geographic name as entry element |
Dating violence. |
| 856 41 - ELECTRONIC LOCATION AND ACCESS |
| Materials specified |
Table of contents only |
| Uniform Resource Identifier |
<a href="http://www.loc.gov/catdir/toc/fy0706/2006287663.html">http://www.loc.gov/catdir/toc/fy0706/2006287663.html</a> |
| 856 42 - ELECTRONIC LOCATION AND ACCESS |
| Materials specified |
Publisher description |
| Uniform Resource Identifier |
<a href="http://www.loc.gov/catdir/enhancements/fy0712/2006287663-d.html">http://www.loc.gov/catdir/enhancements/fy0712/2006287663-d.html</a> |
| 942 ## - ADDED ENTRY ELEMENTS (KOHA) |
| Source of classification or shelving scheme |
Dewey Decimal Classification |
| Koha item type |
BOOK |